| 000 | 00000nam 2200000za 4500 |
| 001 | 9.579692 |
| 003 | CaOODSP |
| 005 | 20220405153752 |
| 007 | cr ||||||||||| |
| 008 | 150406|2011||||xxc|||||o f|0| 0 eng d |
| 040 | |aCaOODSP|beng |
| 043 | |an-cn--- |
| 086 | 1 |aP29-32-310-2006E-PDF |
| 110 | 2 |aCanadian General Standards Board. |
| 245 | 10|aOrganic production systems - general principles and management standards |h[electronic resource] / |cprepared by the Canadian General Standards Board ; approved by the Standards Council of Canada. |
| 250 | |aReprinted August 2011, incorporating Corrigendum No. 1 |
| 260 | |aOttawa : |bCanadian General Standards Board |cSeptember 2006, amended October 2008, December 2009 and June 2011. |
| 300 | |a48 p.|bglossary, references, tables |
| 490 | 1 |aNational standard of Canada|vCAN/CGSB-32.310-2006 |
| 500 | |aThis publication is out-of-date. For a newer edition, please see P29-32-310-2015E-PDF (CAN/CGSB-32.310-2015). |
| 590 | |a14-09-Supp|b2014-04-23 |
| 690 | 07|aAgri-food industry|2gcpds |
| 690 | 07|aStandards|2gcpds |
| 775 | 08|tSystèmes de production biologique - principes généraux et normes de gestion |w(CaOODSP)9.607019 |
| 776 | 0#|tSystèmes de production biologique, principes généraux et normes de gestion |w(CaOODSP)9.550591 |
| 776 | 0#|tOrganic production systems general principles and management standards |w(CaOODSP)9.550590 |
| 794 | |tOrganic production systems |w(CaOODSP)9.835137 |
| 830 | #0|aNational standard of Canada ;|vCAN/CGSB-32.310-2006.|w(CaOODSP)9.507848 |
| 856 | 40|qPDF|s359 KB|uhttps://publications.gc.ca/collections/collection_2014/ongc-cgsb/P29-32-310-2006-eng.pdf|yCAN/CGSB-32.310-2006 |